000 00696nam a2200241Ia 4500
003 OSt
005 20220923213452.0
006 a|||||r|||| 00| 0
007 ta
008 220922b |||||||| |||| 00| 0 hin d
024 _a162,239
037 _cTextual
040 _aARTS
_cARTS
_bhin
041 _2hin
_ahin
082 _aO152,2N081,YA, K5
100 _aपन्त, गोविन्दवल्लभ
_9157681
245 0 _aययाति नाटक
246 _aYayāti nāṭaka
250 _aसंस्क0 2
260 _c1965
942 _hO152,2N081,YA, K5
_cTEXL
_2CC
999 _c316740
_d316740